| 000 | 01829nam a2200301 i 4500 | ||
|---|---|---|---|
| 001 | 000037675 | ||
| 003 | DO-SdBNP | ||
| 005 | 20240530073921.0 | ||
| 007 | ta | ||
| 008 | 121115s2012 dr 000 f spa d | ||
| 020 | _a994516032X | ||
| 040 |
_aDO-SdBNP _bspa _cBNPHU _erda |
||
| 082 | 4 |
_aRD863.44 _bJ58m, 2012 _222 |
|
| 100 | 1 |
_aJesús Ulerio, Luis Felipe de, _964136 _eautor |
|
| 245 | 1 | 3 |
_aEl misterio del espíritu del río : _b(mitos, leyendas y la historia dominicana en una breve novela) / _cLuis Felipe de Jesús Ulerio. |
| 250 | _a8a ed. | ||
| 264 |
_aSanto Domingo : _bBúho, _c2012. |
||
| 300 |
_a186 páginas ; _c23 cm. |
||
| 336 |
_2rdacontent _atexto _btxt |
||
| 337 |
_2rdamedia _asin mediación _bn |
||
| 338 |
_2rdacarrier _avolumen _bnc |
||
| 505 | 0 | _aEl naufragio -- Encuentro con el espíritu del río -- El bacá -- España en el siglo XV -- Lemba y Enriquillo -- La ciguapa -- La botija del difunto Antón -- El contrabando -- Las devastaciones de Osorio -- Los dos Santo Domingo -- La jupía -- El brujo -- El galipote, -- Enrique, el galipote -- Mal de ojo -- Yo también estaba soñando -- La Independencia haitiana -- Independencia Efímera -- Juan Pablo Duarte -- La Trinitaria -- La Independencia Nacional -- La primera República -- La constitución de la República -- La Anexión y la Restauración -- La Segunda República -- Catalepsia -- Un pacto con el diablo -- Primera Ocupación Militar Norteamericana -- Papá Liborio -- La Dictadura de Trujillo -- Juan Bosch -- La masacre de Palma Sola -- Del Triunvirato a los Doce Años -- El misterio del espíritu del río -- El pacto con el espíritu del río. | |
| 590 | _aInventariado, 2020/BT | ||
| 650 | 0 |
_aNovela dominicana _9223 |
|
| 650 | 0 |
_aLiteratura dominicana. _967 |
|
| 910 | _aValidado. Control de calidad MFF | ||
| 942 |
_2ddc _cLBS1 |
||
| 999 |
_c37165 _d37165 |
||